| 000 | 00740nam a22002055i 4500 | ||
|---|---|---|---|
| 001 | 160597 | ||
| 003 | ES-MaACL | ||
| 005 | 20250725062544.0 | ||
| 008 | 000717s1883 fr |||| | fre d | ||
| 040 |
_aCCPB | B _bspa _cCCPB | B |
||
| 100 | 1 |
_aNaville, Ernest, _d1816-1909 _985233 |
|
| 245 | 1 | 3 |
_aLa physique moderne _b: études historiques et philosophiques / _cpar Ernest Naville. |
| 260 |
_aParis : _blibrairie Germer Baillière et C\pie\s, _c1883 ( _eAbbeville : _ftyp. et stér. Gustave Retaux) |
||
| 300 |
_a278 p. ; _c22 cm. |
||
| 650 | 7 |
_aFísica _2embne _912877 |
|
| 752 |
_aFrancia - _dParís |
||
| 752 |
_aFrancia - _dAbbeville |
||
| 852 |
_aES-MaACL _jB-6884 _z-- Enc. pasta española |
||
| 999 |
_c160597 _d160597 |
||